[Event "Sao Paulo Hebraica op 33rd"]
[Site "Sao Paulo"]
[Date "2024.06.28"]
[Round "2"]
[White "De Almeida, Jose Fernando Antun"]
[Black "Bortoletto, Thiago Namidomi"]
[Result "1-0"]
[WhiteElo "1619"]
[BlackElo "1733"]
[PlyCount "111"]
[EventDate "2024.06.28"]
[EventType "swiss"]
[EventRounds "6"]
[EventCountry "BRA"]
[SourceTitle "CBM 221 Extra"]
[Source "ChessBase"]
[SourceDate "2024.09.30"]
[SourceVersion "1"]
[SourceVersionDate "2024.09.30"]
[SourceQuality "1"]

1. e4 d5 2. exd5 Nf6 3. Nf3 Nxd5 4. d4 Bg4 5. Be2 e6 6. c4 Bb4+ 7. Bd2 Bxd2+ 8. Qxd2 Nf6 9. 0-0 c6 10. Nc3 Nbd7 11. Rfe1 0-0 12. h3 Bxf3 13. Bxf3 Qc7 14. Rac1 Rad8 15. b4 h6 16. Qc2 Qd6 17. Qd3 Nh7 18. c5 Qf4 19. Qe4 Qxe4 20. Nxe4 Ndf6 21. Nd6 Rd7 22. h4 Rfd8 23. Rcd1 Nf8 24. h5 N8h7 25. g4 Ng5 26. Re3 Nxf3+ 27. Rxf3 Nxg4 28. Rdd3 e5 29. Rg3 Nf6 30. dxe5 Nxh5 31. Rg4 g6 32. Rh3 Kh7 33. Rf3 Rf8 34. e6 Re7 35. Rxf7+ Rfxf7 36. exf7 Re1+ 37. Kg2 Kg7 38. Rxg6+ Kxg6 39. f8Q Re6 40. Qf5+ Kg7 41. Qf7+ Kh8 42. Qxh5 Re7 43. Qxh6+ Kg8 44. Nf5 Rf7 45. Qg6+ Kf8 46. Qd6+ Kg8 47. Nh6+ Kg7 48. Nxf7 Kxf7 49. Kg3 b5 50. Kf4 a5 51. a3 axb4 52. axb4 Kg7 53. Kf5 Kf7 54. Qd7+ Kf8 55. Kg6 Kg8 56. Qg7# 1-0

[Event "Sao Paulo Hebraica op 33rd"]
[Site "Sao Paulo"]
[Date "2024.06.28"]
[Round "1"]
[White "Kruger, Israel"]
[Black "De Almeida, Jose Fernando Antun"]
[Result "1-0"]
[WhiteElo "1963"]
[BlackElo "1619"]
[PlyCount "59"]
[EventDate "2024.06.28"]
[EventType "swiss"]
[EventRounds "6"]
[EventCountry "BRA"]
[SourceTitle "CBM 221 Extra"]
[Source "ChessBase"]
[SourceDate "2024.09.30"]
[SourceVersion "1"]
[SourceVersionDate "2024.09.30"]
[SourceQuality "1"]

1. f4 d5 2. Nf3 Nf6 3. e3 g6 4. Be2 Bg7 5. 0-0 0-0 6. a4 c5 7. Na3 Nc6 8. Rb1 Bf5 9. b3 a6 10. Bb2 d4 11. Nh4 Be4 12. d3 Bd5 13. e4 Be6 14. Bc1 Bd7 15. g4 e6 16. Ng2 Qc7 17. Qe1 Nb4 18. Bd2 Nc6 19. Ra1 Kh8 20. h4 h5 21. gxh5 gxh5 22. Qd1 Bh6 23. Bxh5 e5 24. f5 Bxd2 25. Qxd2 Nh7 26. Qh6 Bc8 27. Bg6 fxg6 28. fxg6 Rxf1+ 29. Rxf1 Bh3 30. Rf7 1-0

[Event "Hebraica op 32nd"]
[Site "Hebraica"]
[Date "2024.02.03"]
[Round "4"]
[White "De Almeida, Jose Fernando Antun"]
[Black "Leal, Guilherme Alves De"]
[Result "1/2-1/2"]
[WhiteElo "1338"]
[BlackElo "1284"]
[PlyCount "50"]
[EventDate "2024.02.02"]
[EventType "swiss"]
[EventRounds "6"]
[EventCountry "BRA"]
[SourceTitle "CBM 218 Extra"]
[Source "ChessBase"]
[SourceDate "2024.03.31"]
[SourceVersion "1"]
[SourceVersionDate "2024.03.31"]
[SourceQuality "1"]

1. e4 c5 2. Nf3 a6 3. d4 cxd4 4. Nxd4 Nf6 5. Nc3 e5 6. Nb3 Bb4 7. Bd3 d5 8. Bd2 0-0 9. 0-0 Nc6 10. exd5 Bxc3 11. Bxc3 Qxd5 12. h3 e4 13. Bxf6 gxf6 14. Be2 Qg5 15. Kh1 Kh8 16. Rg1 Rg8 17. Nd4 Qh4 18. Kh2 Qxf2 19. Nxc6 Bxh3 20. Qf1 Qg3+ 21. Kh1 Bg4 22. Qxf6+ Rg7 23. Ne5 Bxe2 24. Nxf7+ Kg8 25. Nh6+ Kh8 1/2-1/2

[Event "Hebraica op 32nd"]
[Site "Hebraica"]
[Date "2024.02.02"]
[Round "2"]
[White "De Almeida, Jose Fernando Antun"]
[Black "Sangiovanni, Marcello Cordeiro"]
[Result "1-0"]
[WhiteElo "1338"]
[BlackElo "1060"]
[PlyCount "68"]
[EventDate "2024.02.02"]
[EventType "swiss"]
[EventRounds "6"]
[EventCountry "BRA"]
[SourceTitle "CBM 218 Extra"]
[Source "ChessBase"]
[SourceDate "2024.03.31"]
[SourceVersion "1"]
[SourceVersionDate "2024.03.31"]
[SourceQuality "1"]

1. e4 e6 2. c4 d5 3. cxd5 exd5 4. exd5 Qxd5 5. Nc3 Qd8 6. Nf3 Nf6 7. Bc4 Bg4 8. 0-0 Be7 9. Qb3 0-0 10. Ng5 Be6 11. Nxe6 fxe6 12. Bxe6+ Kh8 13. Qxb7 Nbd7 14. d4 c5 15. d5 c4 16. Re1 Nc5 17. Qc6 Qb6 18. Qxb6 axb6 19. Bf5 Bd6 20. h3 Rfe8 21. Bg5 Rf8 22. Nb5 Rad8 23. Rad1 h6 24. Bxf6 Rxf6 25. Nxd6 Rfxd6 26. Re5 g6 27. Bc2 Kg7 28. Rd4 Kf6 29. f4 g5 30. Rf5+ Kg7 31. fxg5 hxg5 32. Rxg5+ Kh6 33. h4 R8d7 34. g4 Rg7 1-0

[Event "Caxambu op"]
[Site "Caxambu"]
[Date "2023.07.20"]
[Round "1"]
[White "Haraguchi, Diego Sashaki"]
[Black "De Almeida, Jose Fernando Antun"]
[Result "1-0"]
[WhiteElo "1967"]
[BlackElo "1338"]
[PlyCount "49"]
[EventDate "2023.07.20"]
[EventType "swiss"]
[EventRounds "7"]
[EventCountry "BRA"]
[SourceTitle "CBM 215 Extra"]
[Source "ChessBase"]
[SourceDate "2023.09.30"]
[SourceVersion "1"]
[SourceVersionDate "2023.09.30"]
[SourceQuality "1"]

1. d4 Nf6 2. c4 e6 3. Nc3 Bb4 4. e3 0-0 5. Bd3 c5 6. Nge2 cxd4 7. exd4 Nc6 8. 0-0 b6 9. Bf4 d5 10. cxd5 Nxd5 11. Nxd5 Qxd5 12. Qc2 f5 13. Bc4 Qe4 14. Qxe4 fxe4 15. a3 Be7 16. Be3 Bf6 17. Rfd1 Kh8 18. Ng3 Rd8 19. Nxe4 Bxd4 20. Bg5 Rf8 21. Bb5 Bxb2 22. Bxc6 Bxa1 23. Bxa8 h6 24. Rxa1 hxg5 25. Nxg5 1-0

[Event "Sao Paulo Hebraica op 30th"]
[Site "Sao Paulo"]
[Date "2023.02.12"]
[Round "6"]
[White "De Almeida, Jose Fernando Antun"]
[Black "Gomes, Joao Paulo Santos"]
[Result "0-1"]
[WhiteElo "1313"]
[BlackElo "1497"]
[PlyCount "130"]
[EventDate "2023.02.10"]
[EventType "swiss"]
[EventRounds "7"]
[EventCountry "BRA"]
[SourceTitle "CBM 212 Extra"]
[Source "ChessBase"]
[SourceDate "2023.03.31"]
[SourceVersion "1"]
[SourceVersionDate "2023.03.31"]
[SourceQuality "1"]

1. e4 c5 2. Nf3 d6 3. d4 cxd4 4. Nxd4 Nf6 5. Nc3 g6 6. Be2 Bg7 7. 0-0 0-0 8. Bg5 Nc6 9. Re1 h6 10. Bh4 g5 11. Bg3 Nxe4 12. Nxc6 Nxc3 13. bxc3 bxc6 14. Qd3 Bf5 15. Qxf5 Bxc3 16. Bd3 Re8 17. Qh7+ Kf8 18. Rab1 Bg7 19. Rb7 Qa5 20. Kf1 Qxa2 21. f4 Qd5 22. Be4 Qc4+ 23. Bd3 Qd5 24. f5 a5 25. Re4 c5 26. Rd7 a4 27. f6 Bxf6 28. Bc4 Qd1+ 29. Re1 Qh5 30. Bxd6 Qg6 31. Qxg6 fxg6 32. Bxc5 a3 33. Ba2 Ra5 34. Bb4 Ra4 35. Bd6 Rd4 36. Bxe7+ Rxe7 37. Rexe7 Rf4+ 38. Ke2 Bxe7 39. Rd3 Ke8 40. Rd5 Rb4 41. Bb3 Rb6 42. Ra5 Bb4 43. Ra8+ Ke7 44. h3 Kd6 45. Rc8 Ke5 46. Kf3 Kd4 47. Rc4+ Ke5 48. Kg4 Bd2 49. Rc5+ Kd4 50. Rc4+ Ke3 51. Ra4 Bc1 52. Kg3 Kd2 53. Rc4 Bb2 54. Ba2 Be5+ 55. Kf3 Rb2 56. Bb3 a2 57. Ra4 Rxb3+ 58. cxb3 a1Q 59. Rxa1 Bxa1 60. b4 Bd4 61. b5 Kd3 62. Kg4 Kc4 63. h4 gxh4 64. Kxh4 Bf6+ 65. Kh3 Kxb5 0-1

[Event "Sao Paulo Hebraica op 30th"]
[Site "Sao Paulo"]
[Date "2023.02.11"]
[Round "5"]
[White "Santiago, Mauro"]
[Black "De Almeida, Jose Fernando Antun"]
[Result "1/2-1/2"]
[WhiteElo "1511"]
[BlackElo "1313"]
[PlyCount "59"]
[EventDate "2023.02.10"]
[EventType "swiss"]
[EventRounds "7"]
[EventCountry "BRA"]
[SourceTitle "CBM 212 Extra"]
[Source "ChessBase"]
[SourceDate "2023.03.31"]
[SourceVersion "1"]
[SourceVersionDate "2023.03.31"]
[SourceQuality "1"]

1. d4 Nf6 2. Nf3 d5 3. c4 e6 4. Bg5 Bb4+ 5. Nc3 0-0 6. a3 Be7 7. e3 Nbd7 8. cxd5 exd5 9. Bd3 c5 10. Rc1 a6 11. 0-0 b5 12. dxc5 Nxc5 13. Bxf6 Bxf6 14. Bb1 Bxc3 15. Rxc3 Ne4 16. Rd3 Bb7 17. Rd4 f5 18. Ba2 Nf6 19. Ne5 Rc8 20. Qf3 Ne4 21. Rfd1 Rc4 22. b4 Rc2 23. Bxd5+ Bxd5 24. Rxd5 Qc7 25. Nd3 Nc3 26. Rc5 Qd6 27. Rxc3 Rxc3 28. Nc5 Qe5 29. g3 Rxa3 30. Nd7 1/2-1/2

[Event "Sao Paulo Hebraica op 30th"]
[Site "Sao Paulo"]
[Date "2023.02.10"]
[Round "1"]
[White "Da Silva, Lucas Pereira Mende"]
[Black "De Almeida, Jose Fernando Antun"]
[Result "1-0"]
[WhiteElo "1893"]
[BlackElo "1313"]
[PlyCount "61"]
[EventDate "2023.02.10"]
[EventType "swiss"]
[EventRounds "7"]
[EventCountry "BRA"]
[SourceTitle "CBM 212 Extra"]
[Source "ChessBase"]
[SourceDate "2023.03.31"]
[SourceVersion "1"]
[SourceVersionDate "2023.03.31"]
[SourceQuality "1"]

1. e4 c5 2. Nf3 d6 3. d3 Nf6 4. Be2 e6 5. 0-0 Be7 6. Re1 0-0 7. Nbd2 Nc6 8. Bf1 Qc7 9. a4 Bd7 10. g3 a6 11. e5 Nxe5 12. Nxe5 dxe5 13. Nc4 Bd6 14. Qe2 e4 15. dxe4 e5 16. Bg5 Be7 17. f4 Bg4 18. Qg2 exf4 19. Bxf4 Qd8 20. h3 b5 21. Ne5 Qd4+ 22. Kh2 Be6 23. c3 Qd8 24. Nc6 Qe8 25. axb5 axb5 26. Bxb5 Kh8 27. Rxa8 Qxa8 28. Nxe7 Qb7 29. e5 Qxe7 30. exf6 Qxf6 31. Qe4 1-0

[Event "Sao Paulo Schutt Cup"]
[Site "Sao Paulo"]
[Date "2019.09.13"]
[Round "2"]
[White "De Almeida, Jose Fernando Antun"]
[Black "Itagyba, Renan Fortes"]
[Result "0-1"]
[WhiteElo "1334"]
[BlackElo "1736"]
[PlyCount "54"]
[EventDate "2019.09.13"]
[EventType "swiss"]
[EventRounds "6"]
[EventCountry "BRA"]
[SourceTitle "EXT 2020"]
[Source "ChessBase"]
[SourceDate "2019.10.17"]
[SourceVersion "1"]
[SourceVersionDate "2019.10.17"]
[SourceQuality "1"]

1. e4 c5 2. Nf3 d6 3. d4 cxd4 4. Nxd4 Nf6 5. Nc3 g6 6. Be2 Bg7 7. Be3 0-0 8. 0-0 Nc6 9. f4 Bd7 10. Bf3 a6 11. Nce2 Rc8 12. c3 Na5 13. b3 Bg4 14. e5 Bxf3 15. Nxf3 Ng4 16. Bc1 Qb6+ 17. Qd4 Qc7 18. h3 dxe5 19. fxe5 Nxe5 20. Nxe5 Bxe5 21. Qd5 Nc6 22. Bh6 Bg7 23. Bxg7 Kxg7 24. Nf4 Rcd8 25. Qg5 Qe5 26. Qg4 Qxc3 27. Rf3 Qxa1+ 0-1

[Event "Sao Paulo Karman Cup"]
[Site "Sao Paulo"]
[Date "2019.08.16"]
[Round "2"]
[White "Pascheto, Ademir Heleno"]
[Black "De Almeida, Jose Fernando Antun"]
[Result "1-0"]
[WhiteElo "1733"]
[BlackElo "1361"]
[PlyCount "43"]
[EventDate "2019.08.16"]
[EventType "swiss"]
[EventRounds "6"]
[EventCountry "BRA"]
[SourceTitle "EXT 2020"]
[Source "ChessBase"]
[SourceDate "2019.10.17"]
[SourceVersion "1"]
[SourceVersionDate "2019.10.17"]
[SourceQuality "1"]

1. d4 Nf6 2. c4 d5 3. cxd5 Nxd5 4. e4 Nb6 5. Nc3 g6 6. h3 Bg7 7. Nf3 0-0 8. Be2 N8d7 9. 0-0 c5 10. Be3 cxd4 11. Bxd4 e5 12. Be3 Qe7 13. Qc2 Rd8 14. a4 Nf8 15. a5 Nbd7 16. Nd5 Qd6 17. Rfd1 Ne6 18. Nb6 Qc7 19. Qxc7 Nxc7 20. Nxa8 Nxa8 21. Rac1 b6 22. Rxc8 1-0

[Event "BRA-ch Amateur U1800"]
[Site "Sao Paulo"]
[Date "2019.06.22"]
[Round "6"]
[White "De Oliveira, Joao Eudes"]
[Black "De Almeida, Jose Fernando Antun"]
[Result "1-0"]
[WhiteElo "1717"]
[BlackElo "1357"]
[PlyCount "89"]
[EventDate "2019.06.20"]
[EventType "swiss"]
[EventRounds "7"]
[EventCountry "BRA"]
[SourceTitle "CBM 195 Extra"]
[Source "ChessBase"]
[SourceDate "2020.05.31"]
[SourceVersion "1"]
[SourceVersionDate "2020.05.31"]
[SourceQuality "1"]

1. d4 Nf6 2. Nf3 d5 3. Bg5 Bf5 4. Nbd2 e6 5. e3 Nbd7 6. Be2 c6 7. c3 Qb6 8. Qb3 Qc7 9. Nh4 Bd6 10. Nxf5 exf5 11. Nf3 Ne4 12. Bf4 h6 13. 0-0 g5 14. Bg3 Bxg3 15. hxg3 g4 16. Nh4 Nd2 17. Qc2 Nxf1 18. Kxf1 h5 19. Qxf5 Qd6 20. c4 Qf6 21. Qc2 0-0 22. b4 Rac8 23. c5 Rfe8 24. Nf5 Rb8 25. Kg1 b6 26. Bd3 Ra8 27. Nd6 Re6 28. Bf5 Rxd6 29. cxd6 Qxd6 30. Rc1 Rc8 31. Qa4 Rc7 32. Qb3 Qf6 33. Bd3 h4 34. gxh4 Qxh4 35. g3 Qg5 36. Kg2 f5 37. Qc2 Nf6 38. Bxf5 Re7 39. Rh1 Ne4 40. Bxe4 Rxe4 41. Qxc6 Qf5 42. Qa8+ Kf7 43. Rh5 Qf3+ 44. Kg1 Qd1+ 45. Kh2 1-0

[Event "BRA-ch Amateur U1800"]
[Site "Sao Paulo"]
[Date "2019.06.21"]
[Round "4"]
[White "Hayashi, Kaito"]
[Black "De Almeida, Jose Fernando Antun"]
[Result "1-0"]
[WhiteElo "1561"]
[BlackElo "1357"]
[PlyCount "85"]
[EventDate "2019.06.20"]
[EventType "swiss"]
[EventRounds "7"]
[EventCountry "BRA"]
[SourceTitle "CBM 195 Extra"]
[Source "ChessBase"]
[SourceDate "2020.05.31"]
[SourceVersion "1"]
[SourceVersionDate "2020.05.31"]
[SourceQuality "1"]

1. e4 c6 2. d4 d5 3. exd5 cxd5 4. Nf3 Bf5 5. Bf4 Nd7 6. Bd3 Bxd3 7. Qxd3 Qb6 8. Qb3 e6 9. Nbd2 Ngf6 10. 0-0 Be7 11. c3 0-0 12. Ne5 Rac8 13. Ndf3 Nb8 14. Bg5 h6 15. Bh4 Qc7 16. Qc2 Ne4 17. Bxe7 Qxe7 18. Qe2 a6 19. Nd2 Nd6 20. Nb3 Nd7 21. Nxd7 Qxd7 22. Nc5 Qe7 23. Nd3 Qg5 24. Qe5 Nf5 25. Qf4 Qxf4 26. Nxf4 Rc4 27. Nd3 Re8 28. Nc5 Rxc5 29. dxc5 Rc8 30. b4 a5 31. a4 h5 32. Rab1 Ra8 33. Rfc1 Kf8 34. bxa5 Rxa5 35. Rxb7 Rxa4 36. Kf1 g5 37. c4 d4 38. c6 Ra8 39. c7 Rc8 40. Rb8 Nd6 41. Ra1 Ke7 42. Raa8 Kd7 43. Rxc8 1-0

[Event "Sao Paulo STD Gansl op"]
[Site "Sao Paulo"]
[Date "2019.05.25"]
[Round "4"]
[White "Van Riemsdijk, Marius Rombout"]
[Black "De Almeida, Jose Fernando Antun"]
[Result "1-0"]
[WhiteElo "1733"]
[BlackElo "1317"]
[PlyCount "71"]
[EventDate "2019.05.24"]
[EventType "swiss"]
[EventRounds "6"]
[EventCountry "BRA"]
[SourceTitle "CBM 190 Extra"]
[Source "ChessBase"]
[SourceDate "2019.07.15"]
[SourceVersion "1"]
[SourceVersionDate "2019.07.15"]
[SourceQuality "1"]

1. e4 c6 2. d4 d5 3. Nd2 dxe4 4. Nxe4 Bf5 5. Ng3 Bg6 6. h4 h6 7. Nf3 Nd7 8. h5 Bh7 9. Bd3 Bxd3 10. Qxd3 Ngf6 11. c4 e6 12. a3 Bd6 13. Be3 Qc7 14. Ne4 Nxe4 15. Qxe4 Nf6 16. Qc2 0-0-0 17. 0-0-0 Ng4 18. Kb1 f5 19. c5 Bf4 20. Rde1 Rhe8 21. Qa4 Bxe3 22. fxe3 Kb8 23. Nd2 b6 24. Nc4 Nf2 25. Rhf1 Ne4 26. Qb4 b5 27. a4 a6 28. Kc2 Ka7 29. axb5 cxb5 30. Ne5 Rb8 31. g4 Rf8 32. Rf4 a5 33. Ra1 Ka6 34. Nd7 Kb7 35. Qxb5+ Kc8 36. Nxb8 1-0

[Event "Sao Paulo STD Gansl op"]
[Site "Sao Paulo"]
[Date "2019.05.24"]
[Round "1"]
[White "Okuda, Paulo Alexandre Yuj"]
[Black "De Almeida, Jose Fernando Antun"]
[Result "1-0"]
[WhiteElo "1706"]
[BlackElo "1317"]
[PlyCount "60"]
[EventDate "2019.05.24"]
[EventType "swiss"]
[EventRounds "6"]
[EventCountry "BRA"]
[SourceTitle "CBM 190 Extra"]
[Source "ChessBase"]
[SourceDate "2019.07.15"]
[SourceVersion "1"]
[SourceVersionDate "2019.07.15"]
[SourceQuality "1"]

1. e4 c6 2. d4 d5 3. f3 g6 4. Nc3 Bg7 5. Be3 Nf6 6. e5 Nfd7 7. f4 Nb6 8. Nf3 Bf5 9. Qd2 e6 10. 0-0-0 0-0 11. h3 h5 12. Rg1 Be4 13. Nxe4 dxe4 14. Ng5 Qd5 15. b3 f5 16. exf6 Bxf6 17. c4 Qd7 18. Nxe4 Bg7 19. h4 a5 20. g4 hxg4 21. Rxg4 e5 22. Qg2 exf4 23. Bxf4 Kh8 24. Bxb8 Raxb8 25. Rxg6 Rg8 26. Nf6 Qe7 27. Nxg8 Rxg8 28. Qg5 Qxg5+ 29. hxg5 Rf8 30. Bd3 c5 1-0